Pratikraiya: (Record no. 153511)

MARC details
000 -LEADER
fixed length control field 00601nam a22001817a 4500
010 ## - LCCN (DPL NO)
LC control number B-159984
020 ## - INTERNATIONAL STANDARD BOOK NUMBER
International Standard Book Number 817341355
Terms of availability 195.00
035 ## - SYSTEM CONTROL NUMBER
System control number B-159984
037 ## - SOURCE OF ACQUISITION
Source of stock number/acquisition Indian Publishers' Distributors
082 ## - DEWEY DECIMAL CLASSIFICATION NUMBER
Classification number N
100 ## - MAIN ENTRY--PERSONAL NAME
Personal name Burney, Aziz
245 ## - TITLE STATEMENT
Title Pratikraiya:
Remainder of title reaction of action
Statement of responsibility, etc Aziz Burney
260 ## - PUBLICATION, DISTRIBUTION, ETC. (IMPRINT)
Place of publication, distribution, etc Delhi
Name of publisher, distributor, etc Indian Publishers' Distributors
Date of publication, distribution, etc 2004
270 ## - ADDRESS
Address 156-D Kamla Nagar, Delhi-110007
City Delhi
Postal code 110007
300 ## - PHYSICAL DESCRIPTION
Extent 126p.
Dimensions 21cm(hb)
942 ## - ADDED ENTRY ELEMENTS (KOHA)
Source of classification or shelving scheme Dewey Decimal Classification
Item type English Books
Classification part N
Call number suffix BUR
Holdings
Withdrawn status Lost status Not for loan Collection code Home library Current library Date acquired Full call number Barcode Koha item type Cost, normal purchase price
      Fiction Sarojini Nagar Sarojini Nagar 06/07/2018 N BUR B-159984 English Books  
      Fiction Sarojini Nagar Sarojini Nagar 02/05/2019 N BUR B-159980 English Books 195.00

© Delhi Public Library
Hit Counter
free hit counter